| 000 | 01391nam a2200313 a 4500 | ||
|---|---|---|---|
| 001 | 65128 | ||
| 003 | BD-RjUL | ||
| 005 | 20211209081405.0 | ||
| 008 | 170227s1999 ii |||| 001 0aben | ||
| 020 | _c: IRs. 150.00 | ||
| 035 | _a(BD-RjUL)65258 | ||
| 040 |
_aDLC _cMChB _dBD-RjUL _bben/eng |
||
| 041 | _aben | ||
| 082 |
_a782.0095414 _bISN 1999 _223 |
||
| 100 |
_aইসলাম, কাজী নজরুল _9246788 |
||
| 245 | 1 | 0 |
_aনজরুল-গীতি : _bঅখন্ড / _cকাজী নজরুল ইসলাম ; সম্পাদনা: আবদুল আজীজ আল্-আমান |
| 250 | _a৬ষ্ঠ সং. | ||
| 260 |
_aকলকাতা: _bহরফ প্রকাশনী, _c১৯৯৯ |
||
| 300 |
_a৬৭৬ পৃ. ; _c২২ সেমি. |
||
| 600 |
_a _q . _t _9246835 |
||
| 600 |
_aইসলাম, কাজী নজরুল, _d--১৮৯৯-১৯৭৬ _xগান এবং সংগীত _9246836 |
||
| 600 |
_aIslam, Kazi Nazrul, _d -- 1899-1976 _xSongs and music _9246837 |
||
| 650 |
_aগান, বাংলা _zপাঠ্য _9246838 |
||
| 650 |
_aSongs, Bengali _zTexts _9246839 |
||
| 650 |
_aবাংলা কবিতা _9246840 |
||
| 650 |
_aBengali poetry _9246841 |
||
| 700 |
_aআল্-আমান, আবদুল আজীজ, সম্পাদক _9246842 |
||
| 942 |
_2ddc _cRAR |
||
| 999 |
_c65128 _d65128 |
||